CLINICAL PERIODONTOLOGY (Record no. 3186)

MARC details
000 -LEADER
fixed length control field 00346nam a2200145Ia 4500
008 - FIXED-LENGTH DATA ELEMENTS--GENERAL INFORMATION
fixed length control field 150201s2002 xx 000 0 und d
082 ## - DEWEY DECIMAL CLASSIFICATION NUMBER
Classification number 617.632
Item number C2002N
100 ## - MAIN ENTRY--PERSONAL NAME
Personal name NEWMAN
245 ## - TITLE STATEMENT
Title CLINICAL PERIODONTOLOGY
250 ## - EDITION STATEMENT
Edition statement 8TH
260 ## - PUBLICATION, DISTRIBUTION, ETC. (IMPRINT)
Name of publisher, distributor, etc. SAUNDERS
Place of publication, distribution, etc. PHILADELPHIA
Date of publication, distribution, etc. 2002
300 ## - PHYSICAL DESCRIPTION
Extent 1-1305
650 ## - SUBJECT ADDED ENTRY--TOPICAL TERM
Topical term or geographic name as entry element PERIODONTICS
942 ## - ADDED ENTRY ELEMENTS (KOHA)
Source of classification or shelving scheme Dewey Decimal Classification
Koha item type Books
Koha issues (borrowed), all copies 21
Holdings
Withdrawn status Lost status Source of classification or shelving scheme Damaged status Not for loan Home library Current library Date acquired Source of acquisition Cost, normal purchase price Serial Enumeration / chronology SGTU Bill Number Total Checkouts Full call number Barcode Date last seen Bill Date Koha item type Date last checked out
    Dewey Decimal Classification     SGT Dental Library SGT Dental Library 10/03/2005 U.B.S.DELHI 995.00 1 SGTU 1305   617.632 C2002N FD3176 09/02/2015 13/04/2012 Books  
    Dewey Decimal Classification     SGT Dental Library SGT Dental Library 10/03/2005 U.B.S.DELHI 995.00 1 SGTU 1305 4 617.632 C2002N FD3177 06/09/2024 13/04/2012 Books 06/09/2024
    Dewey Decimal Classification     SGT Dental Library SGT Dental Library 10/03/2005 U.B.S.DELHI 995.00 1 SGTU 1305 23 617.632 C2002N FD3178 08/08/2025 13/04/2012 Books 08/08/2025
    Dewey Decimal Classification     SGT Dental Library SGT Dental Library 10/03/2005 U.B.S.DELHI 995.00 1 SGTU 1305   617.632 C2002N FD3179 09/02/2015 13/04/2012 Books  
    Dewey Decimal Classification     SGT Dental Library SGT Dental Library 10/03/2005 U.B.S.DELHI 995.00 1 SGTU 1305 18 617.632 C2002N FD3180 02/05/2025 13/04/2012 Books 02/05/2025